| 000 | 00752nam a2200277Ia 4500 | ||
|---|---|---|---|
| 001 | 8586 | ||
| 005 | 20240113234121.0 | ||
| 007 | ta | ||
| 008 | 170320s1997 ii g b000 u 465 u | ||
| 020 | _cHB | ||
| 040 | _aSKBL,Cotton College | ||
| 041 | _a465 | ||
| 082 |
_a371.26 _bSi 61 Te |
||
| 100 |
_aSingh, A.K.., _eAuthor. |
||
| 245 | 0 |
_aTests, Measurements and Research Methods in Behavioural Sciences / _cA.K. Singh. _hTextual Documents |
|
| 250 | _a2nd ed. / | ||
| 260 |
_aAllahabad : _bBharati Bhandar , _c1997. |
||
| 300 |
_axiii, 498p. ; _c24cm. |
||
| 504 | _aBib, Index | ||
| 653 | _aEducation | ||
| 653 | _aResearch Methods- Educations | ||
| 942 |
_2ddc _cBK |
||
| 999 |
_c8573 _d8573 |
||